|
|
|
|
| LEADER |
02941nam a2200661 a 4500 |
| 001 |
nkc20132448737 |
| 003 |
CZ PrNK |
| 005 |
20151111104121.0 |
| 007 |
ta |
| 008 |
130326s2012 xr a e 000 0 cze |
| 015 |
|
|
|a cnb002448737
|
| 020 |
|
|
|a 978-80-86611-53-2
|q (brož.)
|
| 035 |
|
|
|a (OCoLC)842346163
|
| 040 |
|
|
|a ABA001
|b cze
|
| 043 |
|
|
|a e-xr---
|
| 045 |
|
|
|a y0y1
|
| 072 |
|
7 |
|a 069
|x Muzea. Muzeologie. Muzejnictví. Výstavy
|2 Konspekt
|9 12
|
| 080 |
|
|
|a 069
|2 MRF
|
| 080 |
|
|
|a 37.01:069
|2 MRF
|
| 080 |
|
|
|a 37.091.27(079.2)
|2 MRF
|
| 080 |
|
|
|a (437.3)
|2 MRF
|
| 080 |
|
|
|a (082)
|2 MRF
|
| 080 |
|
|
|a (082.2)
|2 MRF
|
| 245 |
0 |
0 |
|a Deset let Školy muzejní propedeutiky :
|b sborník absolventských prací žáků Školy muzejní propedeutiky Asociace muzeí a galerií České republiky 2008-2012 : ročník VI.-X. /
|c [redakce ... Michaela Buriánková, Anna Komárková, Jana Slezáková]
|
| 246 |
3 |
|
|a 10 let Školy muzejní propedeutiky
|
| 246 |
3 |
0 |
|a Sborník absolventských prací žáků Školy muzejní propedeutiky Asociace muzeí a galerií České republiky 2008-2012
|
| 250 |
|
|
|a Vyd. 1.
|
| 260 |
|
|
|a Praha :
|b Asociace muzeí a galerií České republiky,
|c 2012
|
| 300 |
|
|
|a 314 s. :
|b il. (převážně barev.) ;
|c 21 cm
|
| 500 |
|
|
|a Část. tištěno napříč
|
| 500 |
|
|
|a 600 výt.
|
| 504 |
|
|
|a Obsahuje bibliografie a bibliografické odkazy
|
| 611 |
2 |
7 |
|a Škola muzejní propedeutiky Asociace muzeí a galerií ČR (akce)
|7 pna2010587219
|2 czenas
|
| 648 |
|
7 |
|a 2008-2012
|7 ch967333
|2 czenas
|
| 648 |
|
7 |
|a 2001-2020
|7 ch460601
|2 czenas
|
| 650 |
0 |
7 |
|a muzejnictví
|7 ph123051
|z Česko
|y 2001-2020
|2 czenas
|
| 650 |
0 |
7 |
|a muzejní pedagogika
|7 ph467675
|z Česko
|y 2001-2020
|2 czenas
|
| 650 |
0 |
7 |
|a muzea
|7 ph115380
|z Česko
|2 czenas
|
| 650 |
0 |
7 |
|a absolventské práce
|7 ph202176
|y 2001-2020
|2 czenas
|
| 650 |
0 |
9 |
|a museum management
|z Czechia
|y 2001-2020
|2 eczenas
|
| 650 |
0 |
9 |
|a museum education
|z Czechia
|y 2001-2020
|2 eczenas
|
| 650 |
0 |
9 |
|a museums
|z Czechia
|2 eczenas
|
| 650 |
0 |
9 |
|a graduate works
|y 2011-2020
|2 eczenas
|
| 655 |
|
7 |
|a sborníky
|7 fd163935
|2 czenas
|
| 655 |
|
7 |
|a jubilejní publikace
|7 fd131839
|2 czenas
|
| 655 |
|
9 |
|a miscellanea
|2 eczenas
|
| 655 |
|
9 |
|a jubilee books
|2 eczenas
|
| 700 |
1 |
|
|a Buriánková, Michaela
|7 pna2010587217
|4 edt
|
| 700 |
1 |
|
|a Komárková, Anna
|7 js20080615013
|4 edt
|
| 700 |
1 |
|
|a Slezáková, Jana
|7 jo2013753949
|4 edt
|
| 711 |
2 |
|
|a Škola muzejní propedeutiky Asociace muzeí a galerií ČR (akce)
|7 pna2010587219
|
| 856 |
4 |
1 |
|u http://www.digitalniknihovna.cz/mzk/uuid/uuid:cc0826f0-447b-11e4-aded-005056827e51
|y Digitalizovaný dokument
|x NDK
|
| 910 |
2 |
|
|a BOA001
|b 2-1302.864
|
| 990 |
|
|
|a BK
|
| 995 |
|
|
|a 01
|
| 991 |
|
|
|b 201304
|c NOV
|j 06 DES
|e n
|
| 996 |
6 |
|
|b 2610544541
|c 2-1302.864
|l MZK
|r Sklad / do 1 hodiny
|n 1
|p p.v.
|w 001321639
|u 000010
|a 1
|e BOA001
|j MZK50
|s P
|
| 996 |
7 |
|
|b 2610544542
|c 2-1302.864
|l MZK
|r Sklad / do 1 hodiny
|n 5
|p p.v.
|w 001321639
|u 000020
|a 1
|e BOA001
|j MZK50
|s A
|